| 000 | 00701cab a2200229 4500 | ||
|---|---|---|---|
| 001 | WB2543-22 | ||
| 008 | 090401t1989 xxu||||| |||| 00| 0 eng d | ||
| 035 | _a(Sirsi) u75777 | ||
| 041 | _aeng | ||
| 245 | _aScottish home ownership scheme | ||
| 260 | _c1989 | ||
| 350 | _a0 | ||
| 490 |
_aScottish Office _v30 October/1792/89 4 pages |
||
| 520 | _aThe Scottish Office announces details of a Rent to Mortgages Scheme enabling council tenants to buy their homes by converting rent into mortgage repayments. | ||
| 650 | _aCOUNCIL HOUSING | ||
| 650 | _aHOME OWNERSHIP | ||
| 650 | _aRIGHT TO BUY | ||
| 650 | _aSCOTLAND | ||
| 690 |
_aBlock management _96220 |
||
| 942 | _n0 | ||
| 948 | _c04/03/1997 | ||
| 999 |
_c47665 _d47665 |
||